Central Library OPAC University of Rajshahi

লিনাক্স সিস্টেম অ্যাডমিনিস্ট্রেশন = LINUX SYSTEM ADMINISTRATION / (Record no. 74546)

MARC details
000 -LEADER
fixed length control field 01029nam a2200217 a 4500
001 - CONTROL NUMBER
control field 74546
003 - CONTROL NUMBER IDENTIFIER
rucl marc code BD-RjUL
005 - DATE AND TIME OF LATEST TRANSACTION
control field 20211209082552.0
008 - FIXED-LENGTH DATA ELEMENTS--GENERAL INFORMATION
fixed length control field 181023s2012 bg a|||| |||| 00| 0 ben d
035 ## - SYSTEM CONTROL NUMBER
System control number (BD-RjUL)74764
040 ## - CATALOGING SOURCE
Original cataloging agency BD-RjUL
Language of cataloging ben
Transcribing agency BD-RjUL
Modifying agency BD-RjUL
041 ## - LANGUAGE CODE
Language code of text/sound track or separate title ben
082 ## - DEWEY DECIMAL CLASSIFICATION NUMBER
Edition number 23
Classification number 005.432
Author mark and year RAL 2012
100 1# - MAIN ENTRY--PERSONAL NAME
Personal name রহমান, মোহাম্মদ মিজানুর
9 (RLIN) 224091
245 1# - TITLE STATEMENT
Title লিনাক্স সিস্টেম অ্যাডমিনিস্ট্রেশন = LINUX SYSTEM ADMINISTRATION /
Statement of responsibility, etc. প্রকৌশলী মোহাম্মদ মিজানুর রহমান,
260 ## - PUBLICATION, DISTRIBUTION, ETC. (IMPRINT)
Place of publication, distribution, etc. বাংলাবাজার, ঢাকা :
Name of publisher, distributor, etc. জ্ঞানকোষ প্রকাশনী,
Date of publication, distribution, etc. ২০১২
300 ## - PHYSICAL DESCRIPTION
Pagination [১৬], ৪৪০ পৃ. :
Illustrations চিত্র ;
Size ২২ সেমি.
650 ## - SUBJECT ADDED ENTRY--TOPICAL TERM
Topical term or geographic name as entry element অপারেটিং সিস্টেম (কম্পিউটার)
9 (RLIN) 224092
Topical term or geographic name as entry element Operating systems (Computers)
9 (RLIN) 224093
942 ## - ADDED ENTRY ELEMENTS (KOHA)
Source of classification or shelving scheme Dewey Decimal Classification
Koha item type Books
Holdings
Lost status Source of classification or shelving scheme Damaged status Not for loan Collection code Permanent Location Current Location Shelving location Date acquired Source of acquisition Cost, normal purchase price Total Checkouts Full call number Date last seen Copy number Koha item type
  Dewey Decimal Classification   Not For Loan Non-fiction Central Library, University of Rajshahi Central Library, University of Rajshahi Reading Room 19/01/2014 Sabuj Library, Rajshahi 430.00   B 005.432 RAL 2012 23/10/2018 C-1 Books